The Glenwood beds as a horizon marker at the base of the Platteville formation, (Record no. 26451)

MARC details
000 -LEADER
fixed length control field 00991cam a22002531 4500
001 - CONTROL NUMBER
control field gs 26000138
003 - CONTROL NUMBER IDENTIFIER
control field DLC
005 - DATE AND TIME OF LATEST TRANSACTION
control field 20260227111330.0
008 - FIXED-LENGTH DATA ELEMENTS--GENERAL INFORMATION
fixed length control field 760625s1926 xx 000 0 eng c
010 ## - LIBRARY OF CONGRESS CONTROL NUMBER
LC control number gs 26000138
035 ## - SYSTEM CONTROL NUMBER
System control number (OCoLC)2281936
040 ## - CATALOGING SOURCE
Original cataloging agency U.S. Geol. Survey. Library
Transcribing agency TxEU
Modifying agency DLC
042 ## - AUTHENTICATION CODE
Authentication code premarc
050 00 - LIBRARY OF CONGRESS CALL NUMBER
Classification number QE662
Item number .B4
100 1# - MAIN ENTRY--PERSONAL NAME
Personal name Bevan, Arthur Charles,
Dates associated with a name 1888-1968.
245 14 - TITLE STATEMENT
Title The Glenwood beds as a horizon marker at the base of the Platteville formation,
Statement of responsibility, etc. by Arthur Bevan. Printed by authority of the state of Illinois.
260 ## - PUBLICATION, DISTRIBUTION, ETC.
Place of publication, distribution, etc. Urbana, Ill.,
Date of publication, distribution, etc. 1926.
300 ## - PHYSICAL DESCRIPTION
Extent 13 p.
Other physical details illus., map., tables.
Dimensions 25 cm.
410 20 - SERIES STATEMENT/ADDED ENTRY--CORPORATE NAME [OBSOLETE, CAN/MARC], [LOCAL, USA]
Corporate name or jurisdiction name as entry element Illinois State Geological Survey
Title of a work Report of investigations,
Volume number/sequential designation no. 9
500 ## - GENERAL NOTE
General note At head of title: State of Illinois. Department of registration and education. Division of state geological survey.
504 ## - BIBLIOGRAPHY, ETC. NOTE
Bibliography, etc. note Bibliographical foot-notes.
650 #0 - SUBJECT ADDED ENTRY--TOPICAL TERM
Topical term or geographic name entry element Geology, Stratigraphic
Chronological subdivision Ordovician.
650 #0 - SUBJECT ADDED ENTRY--TOPICAL TERM
Topical term or geographic name entry element Geology
Geographic subdivision Illinois.

No items available.

Powered by Koha